000 00479nam a2200181Ia 4500
001 4022
005 20260306145725.0
008 260306t2007||||xx |||||||||||||| ||spa||
041 _aESP
082 _a306.446
_bG 2007
100 _aCanudas Gonzáles, Rocío del Carmen (coord.)
_eAUT
245 0 _aGerencia social e interculturalidad en América Latina
260 _c2007
300 _a259 páginas :
_c23 cm.
650 _aGEN
654 _aCHU
942 _cLIB
_dJUS
_fJUS
_2ddc
_n
999 _c4022
_d4022